Flags, Shapes and Satellites of countries. - Hard - Statistics

General Stats
  • This quiz has been taken 312 times
  • The average score is 18 of 20
Answer Stats
Picture Hint Answer % Correct
Europe Poland
98%
Asia Indonesia
96%
Europe Monaco
96%
( No Hint ) Turkey
94%
Oceania Palau
92%
( No Hint ) Romania
91%
( No Hint ) Tunisia
91%
Europe Croatia
90%
Africa Ethiopia
90%
Africa Algeria
87%
Asia East Timor
87%
Oceania Marshall Islands
87%
Asia Sri Lanka
87%
Oceania Nauru
86%
( No Hint ) Chad
85%
Asia Tajikistan
85%
Africa Sudan
83%
Africa Seychelles
82%
Oceania Solomon Islands
82%
Africa Zambia
81%
No matching quizzes found
Score Distribution
Percent of People with Each Score
Percentile by Number Answered
Your Score History
You have not taken this quiz